Vývoj lidového peněžnictví v letech 1945-1952
Gespeichert in:
| 1. Verfasser: | |
|---|---|
| Format: | Buch |
| Sprache: | Tschechisch |
| Veröffentlicht: |
Praha
Ústav pro soudobé dějiny
1996
|
| Ausgabe: | 1. vyd. |
| Schriftenreihe: | Studijní materiály výzkumného projektu Československo 1945-1967
10 |
| Schlagworte: | |
| Tags: |
Keine Tags, Fügen Sie das erste Tag hinzu!
|
MARC
| LEADER | 00000nam a2200000 4500 | ||
|---|---|---|---|
| 001 | c014754 | ||
| 005 | 20221214072326.9 | ||
| 041 | 0 | |a cze | |
| 044 | |a CZ | ||
| 245 | 1 | 0 | |a Vývoj lidového peněžnictví v letech 1945-1952 |c Vojtěch Zelenka |
| 250 | |a 1. vyd. | ||
| 264 | 1 | |a Praha |b Ústav pro soudobé dějiny |c 1996 | |
| 300 | |a 122 s. | ||
| 490 | 1 | |a Studijní materiály výzkumného projektu Československo 1945-1967 |v 10 | |
| 830 | 0 | |a Studijní materiály výzkumného projektu Československo 1945-1967 |v 10 | |
| 610 | 2 | 0 | |a peniaze |
| 610 | 2 | 0 | |a dejiny hospodárske |
| 610 | 2 | 0 | |a Česko |
| 610 | 2 | 0 | |a Československo |
| 610 | 2 | 0 | |a zákony |
| 100 | 1 | |a Zelenka, Vojtěch | |